श्री दसम ग्रंथ रत्नावली (Record no. 1022187)

MARC details
000 -LEADER
fixed length control field 00815nam a2200229Ia 4500
003 - CONTROL NUMBER IDENTIFIER
control field OSt
005 - DATE AND TIME OF LATEST TRANSACTION
control field 20260224165534.0
008 - FIXED-LENGTH DATA ELEMENTS--GENERAL INFORMATION
fixed length control field 221004b |||||||| |||| 00| 0 hin d
020 ## - INTERNATIONAL STANDARD BOOK NUMBER
International Standard Book Number 8126007486 (hbk)
037 ## - SOURCE OF ACQUISITION
Terms of availability Textual
040 ## - CATALOGING SOURCE
Original cataloging agency CRL
Transcribing agency CRL
Language of cataloging hin
041 ## - LANGUAGE CODE
Source of code hin
Language code of text/sound track or separate title hin
084 ## - COLON CLASSIFICATION NUMBER
Classification number Q8441:2x 152P0
100 ## - MAIN ENTRY--PERSONAL NAME
Personal name जोध सिंह, संपा.
245 #0 - TITLE STATEMENT
Title श्री दसम ग्रंथ रत्नावली
246 ## - VARYING FORM OF TITLE
Title proper/short title Shrī dasam grantha ratnāvalī
260 ## - PUBLICATION, DISTRIBUTION, ETC.
Place of publication, distribution, etc. नई दिल्ली
Name of publisher, distributor, etc. साहित्य अकादेमी भारत
Date of publication, distribution, etc. 2000
300 ## - PHYSICAL DESCRIPTION
Extent 482पृ0
Dimensions cm.
650 ## - SUBJECT ADDED ENTRY--TOPICAL TERM
Topical term or geographic name entry element धर्म
942 ## - ADDED ENTRY ELEMENTS (KOHA)
Classification part Q8441:2x 152P0
Koha item type Textual
Source of classification or shelving scheme
Holdings
Withdrawn status Lost status Source of classification or shelving scheme Damaged status Not for loan Home library Current library Date acquired Source of acquisition Total Checkouts Full call number Barcode Date last seen Price effective from Koha item type
    Colon Classification (CC)     Central Library Central Library 2022-10-05 BW/1664, 14/03/2018, Bookwell   Q8441:2x 152P0 CL1642914 2022-10-05 2022-10-05 Textbook
Copyright @ Delhi University Library System